Atlas světové krajinné architektury /
Gespeichert in:
| Weitere Verfasser: | , , |
|---|---|
| Format: | Buch |
| Sprache: | Tschechisch Englisch |
| Veröffentlicht: |
Praha
Nakladatelství Slovart s.r.o.
2014
|
| Schlagworte: | |
| Tags: |
Keine Tags, Fügen Sie das erste Tag hinzu!
|
MARC
| LEADER | 00000nam a22000003a 4500 | ||
|---|---|---|---|
| 001 | 0004290 | ||
| 003 | SK-STU | ||
| 005 | 20240112095924.3 | ||
| 007 | ta | ||
| 008 | 150428s ----xo-----e------000-0-----d | ||
| 020 | |a 978-80-7391-860-6 | ||
| 040 | |a STU |b slo | ||
| 041 | 0 | |a cze |h eng | |
| 044 | |a xr | ||
| 100 | 1 | |a Braun, Markus Sebastian |r Z6 |4 edt | |
| 245 | 1 | 0 | |a Atlas světové krajinné architektury / |c ed. Markus Sebastian Braun ; ed. Christian van Uffelen ; prekl. Jan Kovář |
| 260 | |a Praha |b Nakladatelství Slovart s.r.o. |c 2014 | ||
| 300 | |a 512 s. | ||
| 650 | 0 | 7 | |a krajinná architektúra |
| 650 | 0 | 7 | |a Európa |
| 650 | 0 | 7 | |a Afrika |
| 650 | 0 | 7 | |a Austrália |
| 650 | 0 | 7 | |a Oceánia |
| 650 | 0 | 7 | |a Spojené štáty americké |
| 700 | 1 | |a Uffelen, Christian van |4 edt | |
| 700 | 1 | |a Kovář, Jan |r Z6 |4 trl | |
| 996 | |b 284AU06415 |c A* 9243/U |l AAKNST |s P |a 0 |w 0004290_0001 | ||
| 996 | |b 284AU09868 |c A* 13237/U |l AAKNAR |s A |a 24 |w 0004290_0002 | ||